| 000 | 00651cam a2200217 4500 | ||
|---|---|---|---|
| 008 | 000000n2001 000 0 eng u | ||
| 020 | _a1857839552 | ||
| 035 | _a(Sirsi) u111934 | ||
| 041 | _aeng | ||
| 050 | _a333.33025 | ||
| 110 |
_aRoyal Institution of Chartered Surveyors _94900 |
||
| 245 | _aGeographical directory 2001 | ||
| 260 |
_aLondon _bWaterlow Specialist Information Publishing Ltd _c2001 |
||
| 300 | _a52,98,669,65p. ; 25cm. | ||
| 650 | _aABOUT RICS-RICS MEMBERS | ||
| 650 | _aDIRECTORIES | ||
| 650 | _aMEMBERSHIP DIRECTORY | ||
| 650 | _aRICS | ||
| 690 | _aMANAGEMENT-BUSINESS MANAGEMENT-PROFESSIONAL PRACTICE | ||
| 942 | _n0 | ||
| 999 |
_c101313 _d101313 |
||